Physics /

Na minha lista:
Detalhes bibliográficos
Autor principal: Atkins, Kenneth R (Author)
Formato: Livro
Idioma:inglês
Publicado em: New York : Univesity of Pensylvania, 1965
Assuntos:
Tags: Adicionar Tag
Sem tags, seja o primeiro a adicionar uma tag!

MARC

LEADER 00000nam a22000003a 4500
001 stu34414
005 20150617225729.9
008 920317s1965----xxu-----------------eng-d
040 |a STU  |b slo 
041 0 |a eng 
044 |a xxu 
080 |a 53  |7 stu_us_auth*stu7966 
100 1 |a Atkins, Kenneth R  |4 aut 
245 1 |a Physics /  |c [aut.]K.R. Atkins 
260 |a New York :  |b Univesity of Pensylvania,  |c 1965 
300 |a 754 s 
650 7 |a fyzika  |2 stusub 
996 |b M 7270  |c M*1312-1  |l MMKN  |s A  |a 24  |w stu34414_0001